|
|
|
|
| LEADER |
01442nam a2200397Ia 4500 |
| 001 |
EBC589930 |
| 003 |
MiAaPQ |
| 005 |
20200520144314.0 |
| 006 |
m o d | |
| 007 |
cr cn||||||||| |
| 008 |
100625s2010 flua sb 001 0 eng d |
| 010 |
|
|
|z 2010024781
|
| 020 |
|
|
|z 9781439825150 (hardcover : alk. paper)
|
| 020 |
|
|
|a 9781439825174 (electronic bk.)
|
| 035 |
|
|
|a (MiAaPQ)EBC589930
|
| 035 |
|
|
|a (Au-PeEL)EBL589930
|
| 035 |
|
|
|a (CaPaEBR)ebr10419915
|
| 035 |
|
|
|a (CaONFJC)MIL692771
|
| 035 |
|
|
|a (OCoLC)672028029
|
| 040 |
|
|
|a MiAaPQ
|c MiAaPQ
|d MiAaPQ
|
| 050 |
|
4 |
|a QA76.76.D47
|b P744 2010
|
| 082 |
0 |
4 |
|a 005.1
|2 22
|
| 100 |
1 |
|
|a Pries, Kim H.,
|d 1955-
|
| 245 |
1 |
0 |
|a Scrum project management
|h [electronic resource] /
|c Kim H. Pries, Jon M. Quigley.
|
| 260 |
|
|
|a Boca Raton, FL :
|b CRC Press,
|c 2010.
|
| 300 |
|
|
|a xxiv, 170 p. :
|b ill.
|
| 504 |
|
|
|a Includes bibliographical references and index.
|
| 533 |
|
|
|a Electronic reproduction. Ann Arbor, MI : ProQuest, 2015. Available via World Wide Web. Access may be limited to ProQuest affiliated libraries.
|
| 650 |
|
0 |
|a Agile software development.
|
| 650 |
|
0 |
|a Scrum (Computer software development)
|
| 650 |
|
0 |
|a New products
|x Management.
|
| 650 |
|
0 |
|a Project management.
|
| 655 |
|
4 |
|a Electronic books.
|
| 700 |
1 |
|
|a Quigley, Jon M.
|
| 710 |
2 |
|
|a ProQuest (Firm)
|
| 856 |
4 |
0 |
|u https://ebookcentral.proquest.com/lib/matrademy/detail.action?docID=589930
|z Click to View
|